000 01017nam a22002537a 4500
999 _c63895
_d63895
005 20240530110704.0
008 171225s2016 ua a g b 000 0 ara d
017 _a2015/20441
_bمصر. دار الكتب
020 _a9789777292573
040 _aEG-CaGPL
_cEG-CaGPL
082 0 4 _221
_a344.01891\
_bم د
100 0 _aمحمد مصطفى غازى زيدان
245 1 0 _aدور القاضى فى تحقيق التوازن فى عقد العمل :
_bدراسة مقارنة بين القانون الوضعى والفقة الاسلامى /
_cمحمد مصطفى غازى زيدان .
250 _aط.1
260 _aالقاهرة :
_bدار الجامعة الجديدة ،
_c2016 .
300 _a362 ص. ؛
_c24 سم.
504 _aببليوجرافية : ص 337 - 355
650 0 7 _2qrmak
_aالقانون الوضعى
650 0 7 _2qrmak
_aالقضاه
650 0 7 _2qrmak
_aالفقة الاسلامى
651 _2qrmak
942 _2ddc
_cBK